Geophysics and geochemistry at the millenium : proceedings of Exploration 97 : fourth decennial international conference on mineral exploration /

Bibliographic Details
Corporate Authors: Exploration 97 (Toronto, Ont), Prospectors and Developers Association
Other Authors: Gubins, Arnis G.
Format: Conference Proceeding Book
Language:English
Published: Toront, Ont. : Prospectors and Developers Association of Canada, [1997]
Subjects:

MARC

Tag First Indicator Second Indicator Subfields
LEADER 00000cam a2200000 a 4500
001 in00001742821
005 20151025051438.0
008 990317s1997 oncab b 101 0 eng d
035 |a (OCoLC)ocm40988105 
040 |a COP  |c COP  |d OCL  |d TXA  |d UtOrBLW 
049 |a TXAM 
090 |a TN269  |b .E95 1997 
111 2 |a Exploration 97  |c (Toronto, Ont) 
245 1 0 |a Geophysics and geochemistry at the millenium :  |b proceedings of Exploration 97 : fourth decennial international conference on mineral exploration /  |c edited by Arnis G. Gubins. 
264 1 |a Toront, Ont. :  |b Prospectors and Developers Association of Canada,  |c [1997] 
264 4 |c ©1997 
300 |a xvi, 1068 pages :  |b illustrations, maps ;  |c 29 cm. +  |e 1 CD-ROM (4 3/4 in.). 
336 |a text  |b txt  |2 rdacontent 
337 |a unmediated  |b n  |2 rdamedia 
338 |a volume  |b nc  |2 rdacarrier 
504 |a Includes bibliographical references and index. 
650 0 |a Prospecting  |v Congresses. 
650 0 |a Geophysics  |v Congresses. 
650 0 |a Geochemistry  |v Congresses. 
650 0 |a Mineral industries  |x Environmental aspects  |v Congresses. 
650 0 |a Mines and mineral resources  |x Environmental aspects  |v Congresses. 
700 1 |a Gubins, Arnis G. 
710 2 |a Prospectors and Developers Association. 
948 |a cataloged  |b h  |c 2003/9/4  |d c  |e dmitchel  |f 8:22:18 am 
994 |a E0  |b TXA 
999 |a MARS 
999 f f |s a0fc1ca0-4fdc-3912-876a-e9beea1bc2f4  |i 654257e2-bcb9-3203-8d2a-24590e9692a1  |t 0 
952 f f |p ric  |a Texas A&M University  |b Rellis Campus  |c Joint Library Facility  |d Remote Storage  |t 0  |e TN269 .E95 1997  |h Library of Congress classification  |i unmediated -- volume  |m A14830511371 
998 f f |a TN269 .E95 1997  |t 0  |l Remote Storage